Detalles MARC
| 000 -LIDER |
| fixed length control field |
01574nam a22003137a 4500 |
| 001 - NÚMERO DE CONTROL |
| Identificador de número de control |
074 |
| 003 - IDENTIFICACDOR DE NÚMERO DE CONTROL |
| control field |
DO-SdBPM |
| 005 - DATE AND TIME OF LATEST TRANSACTION |
| control field |
20250516122044.0 |
| 008 - ELEMENTOS DE LONGITUD FIJA |
| fixed length control field |
150918b1997 sp 00| 0 spa d |
| 020 ## - ISBN |
| International Standard Book Number |
8434219360 |
| 040 ## - FUENTE DE CATALOGACIÓN |
| Agencia que crea de manera original el registro |
DO-SdBPM |
| Idioma de catalogación |
spa |
| Agencia que realiza la transcripción |
BPMSU |
| 082 #4 - NÚMERO DE CLASIFICACIÓN DECIMAL DE DEWEY |
| Classification number |
372.66 |
| Item number |
L253b 1997 |
| Edition number |
22 |
| 100 1# - ASIENTO PRINCIPAL -- NOMBRE PERSONAL |
| Nombre personal |
Landa, Thomas Joseph |
| Fechas asociadas con el nombre |
1959- |
| 245 10 - MENCIÓN DE TITULO |
| Título |
La belle durmiente : |
| Subtítulo |
escenarios, vestuarios y decoraciones / |
| Mención de responsabilidad |
Thomas Joseph Labda, Norbert Landa |
| 246 14 - VARIACION DEL TÍTULO |
| Título propiamente dicho o título corto |
Teatro para niños : |
| Subtítulo |
vestuario, obras y actividades |
| 260 ## - PUBLICACIÓN, DISTRIBUCIÓN, ETC. (PIE DE IMPRENTA) |
| Lugar de publicación, distribución, etc |
Barcelona : |
| Nombre del editor, distribuidor, etc. |
Parramón Ediciones, |
| Fecha de publicación, distribución, etc |
1997 |
| 300 ## - DESCRIPCIÓN FÍSICA |
| Extensión |
63 p. : |
| Otros detalles físicos |
ils, ; |
| Dimensiones |
27 cm. |
| 490 0# - MENCIÓN DE SERIES |
| Mención de serie |
Teatro infantil |
| 500 ## - NOTA GENERAL |
| Materiales especificados |
dirigido a grupos, escuelas y talleres de teatro |
| 506 ## - NOTA DE RESTRICCIONES DE ACCESO |
| Términos que rigen el acceso |
"La obra Teatro para niños es una valiosa herramienta pedagógica que corrobora la efectividad de la enseñanza a través de los medios audiovisuales. Una obra para que los niños se diviertan actuando con mucha magia y color. Consiste de 15 Obras de teatro para representar, material ideal para profesores, docentes de teatro que están comenzando a enseñar en colegios de nivel inicial/ primario, etc. Ejemplar que contiene actividades, obras diversas, consejos para abordar una función teatral, gráficos que muestran los diferentes vestuarios y mas..." |
| 590 ## - NOTA LOCAL |
| Texto de la nota local |
Inventariado, 2025/VM |
| 650 #4 - ENCABEZAMIENTO DE MATERIA--TEMÁTICO |
| Término temático o nombre geográfico como elemento de entrada |
Teatro escolar infantil |
| 650 #4 - ENCABEZAMIENTO DE MATERIA--TEMÁTICO |
| Término temático o nombre geográfico como elemento de entrada |
Teatro |
| Subdivisión temática general |
estudio y enseñanza |
| 650 #4 - ENCABEZAMIENTO DE MATERIA--TEMÁTICO |
| Término temático o nombre geográfico como elemento de entrada |
Teatro australiano |
| 650 #4 - ENCABEZAMIENTO DE MATERIA--TEMÁTICO |
| Término temático o nombre geográfico como elemento de entrada |
|
| 700 1# - ASIENTO SECUNDARIO -- NOMBRE PERSONAL |
| Nombre personal |
Landa, Norbert |
| Mención de responsabilidad |
autor |
| 910 ## - VALIDACIÓN |
| Validación |
VMateo V. Control de calidad. BPMSU |
| 942 ## - ADDED ENTRY ELEMENTS (KOHA) |
| Source of classification or shelving scheme |
Dewey Decimal Classification |
| Koha item type |
Libros |